[Event "Treppenturnier 2023"]
[Site "Turnierstufe"]
[Date "2024.01.06"]
[Round "14-3"]
[White "Jade"]
[Black "Super Mondial II"]
[Result "1-0"]
[WhiteElo "1919"]
[BlackElo "1939"]
[PlyCount "96"]

1.d4 d5 2.c4 e6 3.Nc3 Nf6 4.Bg5 Nbd7 5.e3 Be7 6.Nf3 O-O 7.Rc1 c6 8.Bd3 dxc4 
9.Bxc4 Nd5 10.Bxe7 Qxe7 {Buchende.} 11.Ne4 b6 12.O-O {Buchende.} 12...Bb7 
13.Ned2 f5 14.e4 fxe4 15.Nxe4 N7f6 16.Re1 Nxe4 17.Rxe4 Rae8 18.Ne5 c5 19.Nd3 
Kh8 20.Qe2 Nc7 21.Rg4 cxd4 22.Rxd4 e5 23.Rg4 e4 24.Rf4 Rxf4 25.Nxf4 e3 $2 {Das
verliert mindestens einen Bauern.} 26.fxe3 Qxe3+ 27.Qxe3 Rxe3 28.Rd1 Bc6 29.Rd6 
Be8 $2 30.Rd8 {Jetzt wird's schon sehr eng für SuMo II.} 30...Re1+ 31.Kf2 Re7 
32.Nd5 Ne6 33.Rc8 Rf7+ 34.Ke3 Rf8 35.Nxb6 Bf7 36.Rxf8+ Nxf8 37.Bxf7 {(+2.25)} 
37...axb6 {(-1.18)} 38.Kd4 g5 {Nach 15 Minuten gespielt. SuMo II könnte auch
aufgeben.} 39.Bd5 Kg7 40.Kc4 Nd7 41.Kb5 Kf6 42.a4 Ke7 43.Bc6 Ne5 44.Kxb6 Nc4+ 
45.Kc7 h5 46.a5 $2 {Etwas umständlich. Jade will mit dem Läufer auf d5 den
Springer fangen.} 46...Nxa5 47.Bd5 Nb3 48.Bxb3 h4 {(rESG) Super Mondial II gibt
auf.} 1-0

[Event "Treppenturnier 2023"]
[Site "Turnierstufe"]
[Date "2024.01.08"]
[Round "14-4"]
[White "Super Mondial II"]
[Black "Jade"]
[Result "1/2-1/2"]
[WhiteElo "1928"]
[BlackElo "1930"]
[PlyCount "141"]

1.d4 Nf6 2.c4 e6 3.Nc3 Bb4 4.Qc2 {Buchende.} 4...c5 5.dxc5 O-O {Buchende.} 
6.Be3 Ng4 7.Bd4 Nc6 8.Qd3 Qe7 9.a3 Nge5 10.Bxe5 Nxe5 11.Qg3 Bxc3+ 12.Qxc3 Qxc5 
13.b4 Qc7 14.Rc1 d6 15.e4 f5 16.exf5 Rxf5 17.Ne2 Bd7 18.f4 Ng6 19.Qd4 $2 ( 
19.g3 {kann mehr Widerstand leisten.} 19...Bc6 20.Rg1 Rf6 21.Bh3 Raf8 22.Rf1 
{...} ) 19...Bc6 ( {Wesentlich stärker, aber nicht zu errechnen ist:} 19...Raf8 
$1 {und z.B.} 20.Qxa7 Nxf4 21.Nxf4 Rxf4 22.g3 Re4+ 23.Be2 Bb5 $1 24.Rc2 Bxc4 
{...} ) 20.Rd1 Rd8 21.Rd2 {(+0.09)} 21...a6 {(+0.79)} 22.Rg1 b5 23.cxb5 axb5 
{Jade sollte besser mit dem Läufer schlagen.} 24.Rc2 {(+0.12)} 24...Rc8 $6 
{(+1.12) Fragwürdig, denn nun klappt der Angriff auf der f-Linie und nach g2
nicht mehr.} ( 24...Qb7 $1 {und z.B.} 25.Rc1 Rf7 26.Rc3 e5 27.fxe5 Nxe5 28.Ng3 
Rdf8 29.Be2 Bxg2 {...} ) 25.g3 {Weiß hat alles abgesichert.} 25...Rf6 26.Qd3 
Rff8 {Schwarz hat die Angriffschance vertan, alles wieder im Lot.} 27.Bh3 Qd7 
$6 {Von einem Spieß zum anderen.} 28.Bg4 Rf7 29.Nd4 $14 {SuMo II bekommt
Oberwasser.} 29...Nf8 30.Be2 Qb7 31.Qe3 Rcc7 32.Bg4 Bd7 33.Rxc7 Qxc7 34.Bh5 Rf6 
35.Be2 Qb8 36.Qd3 Qa7 37.Rg2 $10 {Mephisto's Oberwasser ist inzwischen wieder im
im Sande verlaufen.} 37...Qc7 38.Kd2 Qa7 39.h4 Kh8 40.Bf3 Be8 41.h5 Qb8 42.Ke1 
e5 {Endlich wird eine Seite aktiv.} 43.fxe5 $6 ( 43.Nf5 {.} ) 43...dxe5 44.Nb3 
Ne6 45.Bg4 Bf7 46.Nd2 Nd4 {SuMo II gerät immer mehr ins Abseits.} 47.Rf2 Rxf2 
$6 {Nun verflacht das Spiel wieder.} ( {Stärker ist:} 47...Qc7 $1 48.Rxf6 Qc1+ 
49.Kf2 gxf6 50.Bf3 Bc4 51.Nxc4 bxc4 52.Qe4 Qb2+ 53.Kf1 Qxa3 {...} ) 48.Kxf2 Bd5 
49.Bf3 Qf8 50.Kg2 Ba8 51.Be4 Qf5 52.Kg1 Bxe4 53.Qxe4 Qxe4 54.Nxe4 Nc2 55.Nd6 
Nxa3 56.Nf7+ Kg8 57.Nxe5 Nc2 58.Nc6 Kf7 59.Kf2 Ke6 60.Na7 Nd4 {Rest der Partie
in je 1 Stunde und es sollte Remis enden.} 61.Ke3 Kd5 62.Kd3 Ke5 63.g4 h6 
64.Kc3 Ke4 65.Nc8 Ne2+ 66.Kd2 Nd4 67.Kc3 Ke3 68.Na7 Ne2+ 69.Kb3 Nd4+ 70.Kc3 Ke4 
71.Nc8 {Remis 3x reklamiert.} 1/2-1/2

[Event "Treppenturnier 2023"]
[Site "Turnierstufe"]
[Date "2024.01.10"]
[Round "14-5"]
[White "Jade"]
[Black "Super Mondial II"]
[Result "0-1"]
[WhiteElo "1930"]
[BlackElo "1928"]
[PlyCount "133"]

1.d4 Nf6 2.c4 c5 3.Nf3 e6 4.d5 exd5 5.cxd5 d6 6.Nc3 g6 7.Bf4 a6 {Buchende.} 
8.e4 b5 9.Qe2 {Buchende.} 9...Nbd7 ( {Theorie ist u.a.} 9...Be7 ) 10.e5 dxe5 
11.Nxe5 Qe7 12.d6 $6 {Voreilig. Ob der Bauer zu halten ist?} ( {Besser z.B.} 
12.g3 {und der Läufer geht nach g2.} ) 12...Qe6 13.O-O-O Bg7 14.Nd3 Qxe2 
15.Bxe2 Bb7 16.Rhe1 O-O ( {Natürlich nicht} 16...Bxg2 $4 ) 17.f3 Rac8 18.g3 
Rfe8 19.Nf2 c4 20.a3 Nh5 $6 ( {Es geht z.B.} 20...Rxe2 $1 21.Rxe2 Bxf3 22.Red2 
Bxd1 23.Kxd1 {...} ) 21.Bg5 f6 22.Bd2 f5 23.Kb1 Bd4 24.Nh3 Nhf6 25.Ka2 Bxc3 
{Kleine Kombination.} 26.Bxc3 Rxe2 27.Rxe2 Bxf3 28.Nf4 Ne4 29.Bb4 Ra8 30.Rxe4 
fxe4 {Solche Stellungen lieben die Schroeder-Programme. Der Rest sollte Sache
der Technik sein ...} 31.Rd2 e3 32.Rc2 Kf7 ( 32...a5 $1 33.Be1 b4 34.Kb1 Be4 
35.Kc1 Bxc2 36.Kxc2 bxa3 37.bxa3 Ra6 {und 0:1} ) 33.Bc3 Re8 34.Rc1 g5 35.Rf1 g4 
36.Re1 e2 37.b3 Re3 38.Bd2 Re4 39.h4 Kf6 40.Bc3+ Kf5 41.bxc4 bxc4 42.Kb2 Re3 
43.Kc2 Be4+ 44.Kb2 Nc5 45.d7 {Das Variantengestrüpp ist für beide Oldies viel zu
dicht, um den klaren Überblick zu haben. Für Hiarcs 15.2 ist die Partie für
Schwarz längst gewonnen.} 45...Nxd7 46.Nxe2 {Beide sehen hier den Vorteil von
Schwarz nur bei etwa einer Bauerneinheit. Jade kann also noch kämpfen - und auf
Fehler des Gegners hoffen.} 46...Bf3 47.Nd4+ Ke4 48.Ne6 Rxe1 49.Bxe1 Ke5 50.Nc7 
Nc5 51.Bb4 Ne4 52.Bc3+ Kd6 53.Nxa6 Nxg3 54.a4 Ne2 55.Bb4+ {(-3.66)} 55...Ke5 
{(+2.57)} 56.Nc5 Bc6 57.Ba5 g3 58.Bc7+ Kd5 59.Na6 Bxa4 60.Nb4+ Kc5 {Rest der
Partie in je 1 Stunde.} 61.Ka3 g2 62.Na6+ Kb5 63.Bh2 c3 64.Nb4 g1=Q 65.Bxg1 
Nxg1 66.Nd3 Ne2 67.h5 {(rESn) Jade gibt auf.} 0-1

[Event "Treppenturnier 2023"]
[Site "Turnierstufe"]
[Date "2024.01.13"]
[Round "15-1"]
[White "Super Mondial II"]
[Black "Ruby"]
[Result "1-0"]
[WhiteElo "1938"]
[BlackElo "1935"]
[PlyCount "117"]

1.e4 d5 2.exd5 Nf6 3.d4 Nxd5 4.c4 {Buchende.} 4...Nb6 {Buchende.} 5.Nc3 Nc6 ( 
5...e5 $1 {oder 5.....g6.} ) 6.d5 {Für Ruby wird's schon schwierig.} 6...Ne5 ( 
6...Nb4 {ist noch das beste.} ) 7.c5 Nbd7 8.f4 Ng6 9.f5 {Sehr forsch, der SuMo
II.} 9...Nge5 10.Bf4 g5 {Notwendig.} ( 10...f6 $2 11.c6 bxc6 12.Qh5+ g6 13.fxg6 
Bg7 14.gxh7+ Kf8 15.dxc6 Nxc6 {...} ) 11.Be3 Bg7 12.Nf3 h6 13.Be2 Nxf3+ 14.Bxf3 
Bxc3+ 15.bxc3 Nf6 {Ruby sagt 0.00.} 16.g4 {SuMo II sagt +0.66, Hiarcs 15.2 sagt
+2.82.} 16...h5 17.Bxg5 Nxg4 18.h3 Ne5 19.Be4 c6 20.Bf4 cxd5 {Die schwarze
Stellung ist desolat, SuMo II muss es nur beweisen.} 21.Bxe5 f6 22.Qxd5 $6 
{Mephisto ist kein Kombinationskünstler.} ( {Dass} 22.Bxd5 $1 {stärker ist, weil
die Dame auf dem Brett bleibt, hätte er trotz fehlender Rechentiefe doch
erkennen können.} 22...fxe5 23.Qb3 {...} ) 22...Qxd5 23.Bxd5 fxe5 24.c6 Bxf5 
25.cxb7 Rb8 {(-0.75) Die schwarze Stellung ist nicht komplett
auseinandergefallen. Es ist schwierig für Ruby, aber er kann noch kämpfen.} 
26.c4 {(+0.86) Typisch für das Schroeder-Programm: Freibauer? Go!} ( {Aber} 
26.Rd1 $1 {ist nachhaltiger, damit der sK nicht über die d-Linie kommt. Ruby
hätte diesen Zug gespielt.} ) 26...Kd7 27.c5 $6 {Nun kann Ruby erstmals in
diesem Spiel agieren, nicht reagieren.} 27...Kc7 ( {oder} 27...e6 ) 28.Rc1 Rbd8 
{(+1.20)} 29.Bg2 {(+0.82)} 29...Rhg8 30.Bf3 e4 31.Bxh5 Kxb7 32.h4 Rg2 33.Be2 
Kc6 34.a4 Be6 35.Rc3 Bg4 36.Bxg4 Rxg4 37.h5 Rd4 38.h6 Rxa4 39.Rc1 Rg8 $2 
{Schwarz sollte beide Türme auf die zweite Reihe bringen und mit Schachs das
Remis sichern.} 40.h7 {SuMo II sagt 0.00.} 40...Rh8 {(+1.20?)} 41.Ke2 Rb4 
{(+1.33)} 42.Rh6+ {(+0.46)} 42...Kd5 {(+0.95)} 43.c6 Rb2+ {Ginge es nach der
Analyse-Engine sollte Ruby spätestens jetzt aufgeben.} 44.Ke1 Rbb8 {(+0.20)} 
45.c7 {(+1.90)} 45...Rbc8 {(+0.62)} 46.Rd1+ Ke5 47.Rd8 Rcxd8 48.cxd8=Q Rxd8 
49.h8=Q+ Rxh8 50.Rxh8 {(+2.94)} 50...a6 51.Ke2 Kd4 {(-2.79)} 52.Ra8 Ke5 53.Ke3 
e6 54.Rxa6 Kd5 55.Ra5+ Kc6 56.Kxe4 Kd6 57.Ra6+ Kd7 58.Ke5 Kc7 59.Rxe6 {...} 1-0

[Event "Treppenturnier 2023"]
[Site "Turnierstufe"]
[Date "2024.01.15"]
[Round "15-2"]
[White "Ruby"]
[Black "Super Mondial II"]
[Result "1/2-1/2"]
[WhiteElo "1925"]
[BlackElo "1948"]
[PlyCount "126"]

1.e4 c6 2.d4 d5 3.exd5 cxd5 4.c4 Nf6 5.Nc3 e6 6.Nf3 Be7 {Buchende.} 7.cxd5 Nxd5 
8.Bd3 Nc6 9.O-O {Buchende.} 9...Ncb4 10.Bb5+ {Jade spielte an dieser Stelle Sxd5
und die Partie endete Remis (s. Post #75).} 10...Bd7 11.Bxd7+ Qxd7 12.Ne5 Qd6 
13.Qa4+ Nc6 14.Nxd5 Qxd5 15.Nxc6 bxc6 16.Bf4 O-O 17.Rac1 Qb5 18.Qxb5 cxb5 
19.Rc7 Bd8 20.Rc5 a6 21.d5 exd5 22.Rxd5 Rc8 23.Re1 Bb6 24.Kf1 Rc4 $10 {Totaler
Gleichstand, es kommt also wieder auf die Endspielkünste an ...} 25.Be5 f6 
26.Bc3 b4 27.Bd2 Rc2 28.Re7 Bd8 $6 ( {Warum nicht einfach} 28...Rxb2 {? SuMo II
hat Angst vor z.B.} 29.Rdd7 Kh8 30.Bh6 Rxf2+ 31.Ke1 Rc8 32.Rxg7 {...} ) 29.Rb7 
Bc7 30.Bxb4 Re8 31.g3 Rxb2 32.Rxc7 Rxb4 33.Rdd7 Rg4 34.Ra7 Rg6 35.Rxa6 h5 {Das
sieht gut aus für Ruby.} 36.Raa7 {(+2.91)} 36...Kh7 {(-1.08)} 37.a4 {Für den
nächsten Zug nimmt sich SuMo II 14'34'' Zeit:} 37...Re5 38.f3 ( {Besser:} 38.h3 
) 38...f5 39.Kf2 Rc5 40.Rdc7 Rxc7 41.Rxc7 Ra6 42.Rc4 Kg6 43.Ke3 Kg5 44.Kd4 Ra5 
45.h4+ Kf6 46.Rb4 Ke6 47.Rc4 Kf6 48.Rb4 Ke6 49.Kc4 Kd6 50.Kc3 {Erneut zeigt Ruby
seine Unkenntnis in Turmendspielen und kommt nicht weiter.} 50...Ra6 51.Kd4 Ra5 
52.Kd3 Ra6 53.Rc4 Kd5 54.Rd4+ Kc5 55.Rc4+ Kd5 56.Rf4 Ke5 57.Rb4 ( {So könnte es
weitergehen:} 57.Rd4 Ke6 58.Kc3 Rc6+ 59.Kb4 Ke5 60.Rc4 Rf6 61.Kc5 Rg6 62.a5 
Rxg3 63.f4+ Ke6 64.a6 {...} ) 57...Kd6 58.Kc3 g6 59.Kd4 Kc6 $2 {Auch SuMo II
greift daneben.} 60.Kc3 {Und Ruby ergreift die Chance nicht.} ( 60.Ke5 $1 Kc7 
61.Kf4 Kd7 62.Kg5 Ke7 63.f4 Kf7 64.Rb7+ Kg8 65.a5 Rxa5 66.Kxg6 {...} ) 60...Kd6 
{Rest der Partie in je 1 Stunde.} 61.Kd4 Kc6 62.Kd3 Kc5 63.Kc3 Kd6 {und beide
reklamieren Remis 3x.} 1/2-1/2

[Event "Treppenturnier 2023"]
[Site "Turnierstufe"]
[Date "2024.01.16"]
[Round "15-3"]
[White "Super Mondial II"]
[Black "Ruby"]
[Result "0-1"]
[WhiteElo "1947"]
[BlackElo "1926"]
[PlyCount "204"]

1.e4 c5 2.Nf3 d6 3.d4 cxd4 4.Nxd4 Nf6 5.Nc3 a6 6.g3 e5 7.Nde2 {Buchende.} 
7...Nbd7 {Buchende.} 8.Bg2 Be7 9.O-O O-O 10.a4 Nb6 11.b3 Be6 12.a5 Nbd7 13.f4 
exf4 14.gxf4 Bg4 15.h3 Bh5 16.Be3 Rc8 17.Bd4 Nc5 18.Qd2 Bxe2 19.Qxe2 Qe8 20.f5 
Bd8 21.b4 Ncd7 22.b5 axb5 23.Nxb5 Rc6 24.e5 {SuMo II ist sehr aktiv, aber alles
ist im Lot.} 24...dxe5 {Weiß kann nun friedfertig ein Remis machen...} 25.Bxc6 
bxc6 26.Nd6 Qe7 27.Nc8 Qe8 28.Bb6 {... aber SuMo II will mehr.} ( 28.Nd6 Qe7 
29.Nc8 {Remis.} ) 28...Nd5 29.Bxd8 Qxd8 30.Nd6 Qc7 31.Nc4 Rb8 $16 {Weiß hat die
Qualität für Springer und Bauer plus den starken a-Bauern.} 32.Rfe1 f6 33.a6 
Nf4 34.Qe3 c5 35.Red1 ( {Besser noch:} 35.Qe4 $1 {wegen:} ) 35...Qc6 36.Rd2 Rb4 
37.Nd6 Nb6 38.a7 g5 $2 39.Nb7 $4 {Wirft den Sieg weg.} ( {Aber die Varianten
nach} 39.c4 $1 {und z.B.} 39...Rxc4 40.Nxc4 Nfd5 41.Rxd5 Qxd5 42.Nxb6 {... sind
viel zu tief.} ) 39...Qxb7 40.c3 Rc4 41.Rd8+ $2 {Alles viel zu kompliziert für
SuMo II.} ( {Richtig laut Hiarcs 15.2:} 41.Rb2 Qd5 42.Qd2 Kg7 43.Qxd5 Nfxd5 
44.Ra6 Na8 45.Rb7+ Ndc7 46.Rc6 Ra4 47.Rxc5 h5 48.Rbxc7+ Nxc7 49.Rxc7+ {...} ) 
41...Kg7 42.Qd2 Qf3 $2 {Die Varianten in dieser komplexen Stellung sind für
beide Oldies viel zu verwickelt. Beide können die objektivem Fehler unmöglich
erkennen.} ( {Hiarcs 15.2 sagt:} 42...Kh6 $1 43.Rd7 Qa8 44.Rd3 Na4 45.Re3 Qxa7 
46.Kh2 Qb7 47.Rg1 Qb2 48.Qxb2 Nxb2 49.Rb1 Na4 50.Rb3 e4 51.Rg3 Ne2 52.Re3 Nexc3 
53.Re1 Nd5 54.Kg1 Nac3 55.Rb8 e3 56.Kf1 Rf4+ 57.Kg1 Rxf5 {...} ) 43.a8=Q Qg3+ 
44.Qag2 $2 {Nun hat Schwarz ein Remis.} 44...Nxg2 45.Qxg2 Qe3+ 46.Kh2 Re4 
47.Rd6 Qf4+ 48.Kh1 Nc8 $2 {Jetzt geht's Weiß wieder sehr gut.} ( 48...Na4 
49.Rf1 Qh4 50.Rb1 Re1+ 51.Rxe1 Qxe1+ 52.Kh2 e4 53.Qa2 Qf1 54.Rd7+ Kh6 55.Qxa4 
Qf2+ 56.Kh1 Qf1+ 57.Kh2 {Remis.} ) 49.Rd7+ ( 49.Rd7+ Kh6 50.Rf1 {...} ) 
49...Kh6 50.Rf1 Qh4 51.Rc7 $2 {Erneut wechselt der Vorteil zu Schwarz.} ( 
51.Rf7 $1 Rf4 52.Rxf6+ Kg7 53.Re6 Rxf1+ 54.Qxf1 Qe4+ 55.Qg2 Qxf5 56.Qb7+ Qf7 
57.Qxf7+ Kxf7 58.Rxe5 Kf6 59.Rxc5 {...} ) 51...Re3 52.Kh2 Nd6 53.Rc6 Ne4 54.Rf3 
Qe1 55.Rxe3 Qxe3 56.c4 Qf4+ 57.Kg1 Qxf5 58.Rc7 Qf4 59.Qe2 Qg3+ 60.Qg2 Qd3 {Rest
der Partie in je 1 Stunde.} 61.Qg4 Qxc4 62.Qf3 Qc1+ {(+4.95)} 63.Kh2 {)-2.06)} 
63...Qb2+ 64.Kh1 Qb8 65.Rc6 Qb1+ 66.Kh2 Qa2+ 67.Kg1 Qd5 68.Rc7 c4 69.Kg2 c3 
70.h4 gxh4 71.Kg1 Qd4+ 72.Kh1 f5 73.Rc6+ Kg5 74.Rc7 h6 75.Rg7+ Kf6 76.Rg2 Qc4 
77.Qd1 Nd2 78.Qg1 Qc6 79.Qe3 f4 80.Qf2 Nf3 81.Qc2 e4 82.Qd1 Ke5 83.Qa1 Nd4 
84.Qa5+ Nb5 85.Qd8 f3 86.Rg1 f2 87.Qe7+ Kd4 88.Rd1+ Ke3 89.Qxh4 Qe6 90.Kh2 Qf5 
91.Qxh6+ Ke2 92.Qc1 f1=N+ 93.Rxf1 Qxf1 94.Qc2+ Ke3 95.Kg3 Qg1+ 96.Qg2 Qxg2+ 
97.Kxg2 c2 98.Kg3 c1=Q 99.Kg2 Qb2+ {Mattankündigung.} 100.Kg3 Qg7+ 101.Kh4 Kf4 
102.Kh3 Qg3# 0-1

[Event "Treppenturnier 2023"]
[Site "Turnierstufe"]
[Date "2024.01.19"]
[Round "15-4"]
[White "Ruby"]
[Black "Super Mondial II"]
[Result "1-0"]
[WhiteElo "1937"]
[BlackElo "1936"]
[PlyCount "108"]

1.e4 e6 2.d4 d5 3.Nd2 c5 4.exd5 Qxd5 5.Ngf3 cxd4 6.Bc4 {Buchende.} 6...Qd6 
7.O-O Nf6 8.Nb3 Be7 {Buchende.} 9.Qxd4 Qxd4 10.Nbxd4 O-O 11.Bf4 b6 12.Rad1 Bb7 
13.Rfe1 Nd5 14.Bd2 Nd7 15.Be2 N5f6 16.c3 Rac8 17.Bf4 a6 18.Bd3 Rfd8 19.c4 Bb4 
20.Re2 Nc5 21.Bc2 Bxf3 22.gxf3 Nb7 23.b3 Bc3 24.Be5 Nd7 25.Re3 Bb2 $2 ( 
25...Nxe5 $1 ) 26.Nxe6 $1 fxe6 $2 ( 26...Bxe5 27.Nxd8 Rxd8 28.Bf5 Nd6 {... mit
Schadensbegrenzung.} ) 27.Bxb2 Ndc5 28.Ree1 Rxd1 29.Rxd1 a5 30.Be5 g6 31.a3 Nd8 
32.f4 Nc6 33.Bc3 Kf8 $2 34.b4 Nb7 35.Rd7 Ncd8 36.Bf6 axb4 37.axb4 Rxc4 38.Bd3 
Rc1+ 39.Kg2 Rd1 40.Bxd8 Nxd8 41.Rxd8+ Ke7 42.Rd4 Rd2 43.h4 Ra2 44.Bc4 Ra4 45.b5 
Rb4 46.Re4 Kf6 47.Kf3 Kg7 48.Ke3 Kh6 49.h5 Kg7 50.hxg6 hxg6 51.Bd3 Rxe4+ 
52.Kxe4 {Eine klare Sache, aber besser ist es, noch weiter zu spielen. Hiarcs
15.2 sagt bereits Matt in 16.} 52...Kf6 53.Be2 Kf7 54.Ke5 Ke7 {(rESG) SuMo II
gibt auf.} 1-0

[Event "Treppenturnier 2023"]
[Site "Turnierstufe"]
[Date "2024.01.22"]
[Round "16-1"]
[White "Ruby"]
[Black "Advanced Travel Chess"]
[Result "0-1"]
[WhiteElo "1947"]
[BlackElo "1940"]
[PlyCount "123"]

1.c4 Nf6 2.d4 e6 3.Nf3 d5 4.Nc3 Be7 {Buchende.} 5.Bg5 O-O 6.e3 {Wieder aus dem
Buch:} 6...h6 7.Bh4 b6 8.cxd5 Nxd5 9.Bxe7 Qxe7 10.Nxd5 exd5 {Erneut Buchende.} 
11.Rc1 {Buchende.} 11...Bg4 12.Be2 Qb4+ 13.Qd2 Qxd2+ 14.Kxd2 c6 15.Bd3 Bxf3 
16.gxf3 Re8 17.Rhg1 ( 17.b4 {ist eine gute Alternative mit Offensive am
Damenflügel, z.B.} 17...a6 18.Rhg1 Rd8 19.h4 Ra7 20.a4 Kf8 21.a5 Rb7 22.axb6 
Rxb6 23.Kc3 {...} ) 17...a6 18.h4 Ra7 19.h5 Kf8 20.Rg4 Rae7 21.Rcg1 f6 22.Kc3 
Rd8 23.Rg6 {Da kommt Weiß nicht weiter.} ( {Besser ist wohl} 23.Rd1 {wiederum
mit Aktion am Damenflügel, z.B.} 23...a5 24.b3 c5 25.dxc5 {...} ) 23...c5 $10 
{Alles im Lot.} 24.dxc5 bxc5 25.R6g4 Nc6 26.f4 $6 ( 26.Ra4 {.} ) 26...Nb4 {Der
Saitek kann sich befreien ...} 27.Bb1 d4+ {... und drängt Ruby zurück.} 28.Kc4 
Rc7 29.e4 f5 30.exf5 d3 $6 31.f6 $1 Rd4+ 32.Kb3 Nd5 33.fxg7+ Kg8 34.Ka3 Nxf4 
35.R1g3 $6 ( 35.b3 {. wegen:} ) 35...c4 36.b3 c3 37.Rxf4 Rxf4 38.Bxd3 Rxg7 
39.Bxa6 $2 {(+0.45) Kein Vorwurf. Der Novag kann nicht errechnen, warum dieser
Zug ein Fehler ist. Allerdings sollte er den Bauern auf c3 ernster nehmen.} ( 
39.Bc4+ $1 Kf8 40.Rxc3 {...} ) 39...Rxg3 {(-0.3) Beide sehen nicht, dass der
ATrCh gewinnen kann, denn der Weg des schwarzen Königs führt quer über das ganze
Brett.} 40.fxg3 Rg4 41.Bd3 Rxg3 42.Bc2 Rg2 43.Bd3 Rd2 44.Bg6 Rb2 45.Bd3 Kf7 
46.Be4 Ke6 {(-1.1)} 47.b4 {(-0.16)} 47...Ke5 48.Bh7 {Allmählich dämmert's bei
beiden. Und Hiarcs 15.2 sagt Matt in 25 bei einer Suchtiefe von 35 bzw. 90 HZ
nach ca. 3 Minuten.} 48...Kd4 {(-2.5) natürlich aus Sicht von Weiß.} 49.Bf5 
{(-1.50)} 49...Ke3 50.Ka4 {(-3.16)} 50...Kd2 {(-2.6)} 51.a3 c2 52.Bxc2 Kxc2 
53.Ka5 Kb3 54.b5 Kc4 55.a4 Kc5 56.Ka6 Rb4 57.Ka5 Rh4 58.b6 Rb4 59.Ka6 Rxa4+ 
60.Kb7 Rb4 61.Kc8 Kxb6 62.Kd7 {(rESn) Ruby gibt auf.} 0-1

[Event "Treppenturnier 2023"]
[Site "Turnierstufe"]
[Date "2024.01.22"]
[Round "16-2"]
[White "Advanced Travel Chess"]
[Black "Ruby "]
[Result "0-1"]
[WhiteElo "1950"]
[BlackElo "1937"]
[PlyCount "122"]

1.Nf3 d5 2.d4 Nf6 3.c4 dxc4 4.e3 {Buchende.} 4...Bg4 5.Bxc4 e6 6.h3 Bh5 
{Buchende.} 7.Nbd2 Be7 8.Qb3 Qc8 9.Ne5 Nbd7 10.g4 Bg6 11.Nxg6 hxg6 12.Bf1 O-O 
13.Bg2 Nb6 14.O-O c5 15.Nf3 cxd4 16.exd4 Qc4 17.Bg5 Qxb3 18.axb3 Rfc8 19.Ne5 
Nbd5 20.Rfc1 Rxc1+ 21.Rxc1 Bd6 22.Kf1 Re8 23.Nc4 Be7 24.Na5 Kh7 25.Nxb7 Nxg4 
26.Bxe7 Rxe7 $10 {Beide halten das Spiel in der Remisbreite.} 27.Nc5 ( {Es
könnte mit einer Abholzung weitergehen, z.B.} 27.Bxd5 exd5 28.hxg4 Rxb7 29.Rc5 
Rxb3 30.Rxd5 Rxb2 31.Rd7 f5 32.Rxa7 {... mit vermutlich remislichem Ausgang.} ) 
27...Nh6 28.Nd3 Nf5 29.Rc4 Nb6 30.Rb4 Rc7 31.Ke1 Kh6 $14 {Die weiße
Bauernstruktur ist nicht schön ...} 32.Ne5 $6 f6 33.Nc6 Nd5 34.Rc4 Nf4 35.Kf1 
g5 36.Nb8 Rxc4 37.bxc4 Nxd4 {... und einer ist weg.} 38.c5 Nxg2 39.Kxg2 a5 $6 
{Es wird wohl ein Remis, wenn keiner ernsthaft danebengreift.} ( 39...Kg6 40.c6 
Nb5 41.Na6 Kf5 42.c7 Nd6 {...} ) 40.c6 Nb5 41.Na6 Kg6 42.c7 Na7 43.b4 $4 
{(-0.2) AdTrCh verrechnet sich und greift daneben.} ( 43.Kf3 {und dann} 
43...Kf7 44.Kg4 g6 45.Nc5 Ke7 46.Kg3 Nc8 47.Kg4 {... und nichts brennt an.} ) 
43...a4 {(+1.79)} 44.b5 {(-0.1)} 44...Nc8 45.Nc5 a3 46.Kf1 {(-1.0)} 46...Kf7 
{(+3.66)} 47.b6 Nxb6 48.Na4 Nc8 49.Nc3 Ke8 50.Ke2 Nb6 51.Kd3 {(-2.3)} 51...Kd7 
{(+4.00)} 52.Kc2 Nd5 53.Kb3 Nxc3 54.Kxc3 {Das müsste auch der
Endspiel-Schwächling Ruby gewinnen. Hiarcs sagt Matt in 24.} 54...Kxc7 55.Kb3 
Kd6 56.Kxa3 {(-1.8!?)} 56...Ke5 {(+3.95)} 57.Kb4 Kd4 58.Kb5 Kd3 59.Kc5 e5 
60.Kd6 Ke2 {(+6.70)} 61.Kd5 {(-3.6)} 61...Kxf2 {(+7.29) Jetzt kann nun wirklich
nichts mehr schiefgehen.} 0-1

[Event "Treppenturnier 2023"]
[Site "Turnierstufe"]
[Date "2024.01.24"]
[Round "16-3"]
[White "Ruby"]
[Black "Advanced Travel Chess"]
[Result "1/2-1/2"]
[WhiteElo "1947"]
[BlackElo "1940"]
[PlyCount "66"]

1.e4 c6 2.d4 d5 3.exd5 cxd5 4.c4 Nf6 5.Nc3 e6 6.Nf3 Be7 7.cxd5 Nxd5 {Buchende.} 
8.Bd3 Nc6 9.O-O {Buchende.} 9...Bf6 10.Nxd5 Qxd5 11.Be3 Bd7 12.Qb1 Qd6 13.Bxh7 
Rd8 14.Be4 Bxd4 15.Rd1 e5 16.Qc2 Bg4 17.h3 Bxf3 18.Bxf3 O-O 19.Bg5 Rd7 20.Rac1 
$10 {Alles ausgeglichen.} 20...Nb4 21.Qb3 Nc6 22.Bxc6 bxc6 23.Rd2 Qg6 24.h4 Re8 
25.g3 Re6 26.Rcd1 Red6 27.Qb8+ Kh7 28.Qe8 $6 Qf5 $1 29.Kg2 f6 $6 {Beide sagen
hier (0.00).} ( {Aber Schwarz könnte jetzt gewinnen:} 29...Bc5 $1 30.f3 ( 
30.Qc8 Qe4+ 31.Kh2 Rxd2 32.Rxd2 Rxd2 33.Bxd2 Bxf2 34.Qh3 Qc2 35.Bc3 Bd4+ 36.Qg2 
Qxg2+ 37.Kxg2 Bxc3 38.bxc3 {... und das Endspiel sollte Schwarz gewinnen.} ) 
30...Rxd2+ 31.Rxd2 Rxd2+ 32.Bxd2 Qc2 33.Qd7 Bb4 34.Kh3 Qxd2 {... und 0:1} ) 
30.Qh5+ Kg8 31.Qe8+ Kh7 32.Qh5+ Kg8 33.Qe8+ Kh7 {Beide reklamieren Remis 3x.} 1/2-1/2

[Event "Treppenturnier 2023"]
[Site "Turnierstufe"]
[Date "2024.01.25"]
[Round "16-4"]
[White "Advanced Travel Chess"]
[Black "Ruby "]
[Result "1-0"]
[WhiteElo "1940"]
[BlackElo "1947"]
[PlyCount "116"]

1.e4 e5 2.Nc3 Nf6 3.f4 d5 4.fxe5 {Buchende.} 4...Nxe4 {Buchende. Beide wissen im
Wiener Gambit schnell nicht weiter.} 5.Nxe4 $6 ( 5.Nf3 {oder} ) ( 5.Qf3 {oder
auch noch} ) ( 5.d3 ) 5...dxe4 6.d4 exd3 7.Bxd3 Nc6 8.Nf3 Bg4 9.Bf4 Bc5 10.Bb5 
Qxd1+ 11.Rxd1 Bxf3 12.gxf3 Bb4+ $6 {überflüssig.} ( {Einfach} 12...O-O ) 13.Ke2 
Bc5 14.Rd5 Be7 15.Rhd1 g5 16.Be3 Rb8 $2 ( 16...a6 17.Bxc6+ bxc6 {... das
kleinere Übel.} ) 17.Bxa7 Rc8 {(-1.66)} 18.Be3 {(+1.6)} 18...Ra8 19.a3 h5 20.f4 
gxf4 21.Bxf4 Rg8 22.Kf3 Rg6 23.h3 Rd8 24.c4 h4 25.Ke4 Re6 {Die schwarze Stellung
ist längst eine Ruine.} 26.Bh2 Rg6 27.R1d2 {Der Saitek hat keine Idee. Wie wäre
es mit Vereinfachung?} 27...Ra8 28.Bf4 Rd8 29.Kf5 Re6 30.Bh2 Rh6 31.Rxd8+ {Na
endlich.} 31...Bxd8 32.Rg2 Kf8 33.Bf4 Rg6 34.Rxg6 Ne7+ 35.Ke4 Nxg6 36.Bh6+ Kg8 
37.Bd7 Be7 38.Bf5 Nf8 39.Bf4 Kg7 40.Be3 b6 41.Kd5 c5 42.Kc6 {Jetzt sollte Ruby
endgültig einpacken ...} 42...Bd8 43.b4 cxb4 44.axb4 Be7 45.Bd2 Bd8 46.Kd6 Kg8 
47.c5 bxc5 48.bxc5 Kg7 49.c6 Ng6 50.Bc3 ( {Einfacher:} 50.Bxg6 Kxg6 51.c7 Bxc7+ 
52.Kxc7 Kf5 53.Kd6 {...} ) 50...Ne7 51.Be4 Kf8 52.c7 Bxc7+ 53.Kxc7 Ke8 54.Bd2 
Ng8 55.Bg5 Ne7 56.Bxh4 Kf8 57.Bg5 Ke8 58.h4 Kf8 {und Ruby gibt endlich auf
(rESn).} 1-0